| 000 | 00869cam a2200241 a 4500 | ||
|---|---|---|---|
| 005 | 20160504155051.0 | ||
| 008 | 000601n1999 ck rl 00010 spa d | ||
| 040 |
_ala _cla _dCO-BoIAVH |
||
| 041 | 0 | _aspa | |
| 044 | _ack | ||
| 082 | 0 | 4 |
_a333.72 _bC65c |
| 110 | 1 | _aColombia. | |
| 245 | 1 | 0 |
_aCodigo nacional de los recursos naturales renovables y de proteccion al medio ambiente / _cINDERENA. |
| 260 |
_aBogota : _bINDERENA, _c1999. |
||
| 300 |
_a99 páginas ; _c27 x 13 cm. |
||
| 500 | _aIncluye índice. | ||
| 650 | 6 |
_aLegislación medioambiental _z Colombia. |
|
| 650 | 4 |
_aProtección del medio ambiente _x Legislación _z Colombia. |
|
| 650 | 6 |
_aControl ambiental _x Legislación _z Colombia. |
|
| 710 | 2 | _aInstituto Nacional de los Recursos Naturales Renovables y del Ambiente. | |
| 942 |
_2ddc _cLIBRO |
||
| 949 |
_ac _bc |
||
| 999 |
_c3871 _d3871 |
||